000 00744 a2200217 4500
001 63071
005 20260407155926.0
008 260407a1999 arg spa d
003 AR-UNSa-BCEJYS
040 _aAR-UNSa-BCEJYS
_bspa
_cAR-UNSa-BCEJYS
080 _a378.14
_xOrganización y estructuración de los estudios( Educación a distancia...)
245 1 0 _aAcerca de la distancia
020 _a978-987-9094-67-9
264 1 _aCórdoba :
_bEdiciones Eudecor
_c1999
300 _a533 p.
_c24 cm.
041 _aspa
942 _cBK
590 _aniveau_biblio:m niveau_hierar:0
100 1 _aSeminario Internacional de Educación a Distancia (3º : 1999 : Córdoba, Argentina)
700 1 _aRed Universitaria de Educación a Distancia (RUEDA)
999 _c7971
_d7971